000
00224nam a22001097a 4500
999
_c
12921
_d
12921
082
_a
891.439
100
_a
Dhool, Mushtaq Ahmed
245
_a
Safar Ki Dhool
260
_a
Pakistan
_c
2015
300
_a
176 pages.
942
_c
BK